=LDR 00000nam 2200000 4500 =001 INLIS000000000023304 =005 20130612122000 =008 ***********************************Ind** =035 ##$$0010-061300000023304 =041 ##$$a Ind =082 ##$$a 612.402 =090 ##$$a 612.402, Fai m =100 ##$$a Faigin Rob =245 ##$$a Meningkatkan hormon secara alami, Rob Faigin =260 ##$$a 2001 $b Jakarta =650 ##$$a Hormon =850 ##$$a NBPNMAT =990 ##$$a 0001/BPAP-NTB/2016